|
|
|
|
| LEADER |
01039nam a22002177a 4500 |
| 003 |
GR-PaULI |
| 005 |
20201228091028.0 |
| 007 |
ta |
| 008 |
201111s1945 -uso|||f |||| 001 0 eng d |
| 952 |
|
|
|0 0
|1 0
|2 nlm
|4 0
|6 WL_140_COU
|7 1
|9 245113
|a MEDI
|b MEDI
|c DON
|d 2020-11-11
|i 1360
|l 0
|o WL 140 COU
|p 025000176359
|r 2020-11-11 00:00:00
|t 1
|v 2020.00
|w 2020-11-11
|y BK15
|z Δωρεά I. Popovitch
|
| 999 |
|
|
|c 147951
|d 147951
|
| 040 |
|
|
|a GR-PaULI
|b gre
|c GR-PaULI
|e AACR2
|
| 060 |
|
|
|a WL 140
|
| 100 |
1 |
|
|9 184265
|a Courville, Cyril B. (Cyril Brian),
|d 1900-1968
|e συγγραφέας
|
| 245 |
1 |
0 |
|a Pathology of the central nervous system :
|b a study based upon a survey of lesions found in a series of thirty thousnd autopsies /
|c by Cyril B. Courville.
|
| 260 |
|
|
|a Mountain View :
|b Pacific Press Publishing Association,
|c 1945.
|
| 300 |
|
|
|a 450 σ. :
|b φωτ. ;
|c 25 εκ.
|
| 500 |
|
|
|a Περιλαμβάνει ευρετήριο.
|
| 650 |
|
4 |
|9 111735
|a Κεντρικό νευρικό σύστημα
|x Ασθένειες
|
| 942 |
|
|
|2 nlm
|c BK15
|
| 998 |
|
|
|c ΜΑΝΙΑΚΗ
|d 2020
|